000 01663nam0a2200373 4500
001 RU\NLR\bibl\260622
005 20260407074314.0
021 _aRU
_b2002-3069
_9150
035 _a(NLR Aleph) 000256288
090 _a1496321
_c1496321
100 _a20020426d1997 |||y0rusy50 ca
101 0 _arus
102 _aRU
105 _aa |||||||||
200 1 _aВопросы клинической медицины и регионального здравоохранения
_eСб. науч. тр.
_fМ-во общ. и проф. образования Рос. Федерации, Якут. гос. ун-т им. М. К. Аммосова
_g[Отв. ред. М.П. Гоголев]
210 _aЯкутск
_cИзд-во ЯГУ
_d1997
215 _a140, [3] с.
_d20
320 _aБиблиогр. в конце ст.
606 0 _aКлиническая медицина
_jСборники
_91312957
_3RU\NLR\auth\66228354
606 0 _aЗдравоохранение
_jСборники
_yСаха (Якутия), Республика
_92243624
_3RU\NLR\auth\661346145
610 0 _aКлиническая медицина
675 _a61(082)
_v3
_zrus
686 _a76
_2rugasnti
686 _a5
_2rubbk
686 _aР.я43
686 _aР11(2Р54-6Я)я43
702 1 _aГоголев
_bМ. П.
_gМаримест Петрович
_4340
712 0 2 _4570
_aЯкутский государственный университет им. М. К. Аммосова
_3RU\NLR\AUTH\883353
_9277944
801 0 _aRU
_bRKP
_c20020426
_gPSBO
801 1 _aRU
_bRKP
_c20020426
801 2 _aRU
_bNLR
_c20061226
_grcr
942 _cBOOK
980 _aNB